| 000 | 00513nam a22001937a 4500 | ||
|---|---|---|---|
| 003 | OSt | ||
| 005 | 20160426180415.0 | ||
| 008 | 160426b xxu||||| |||| 00| 0 eng d | ||
| 020 | _a0521378508. | ||
| 040 | _cDDC. | ||
| 082 | _a530.12SQU 1995. | ||
| 100 |
_aSquires,G.L; _98328 |
||
| 245 | _aProblems in Quantum Mechanics with solution. | ||
| 260 |
_aUK. _bCambridge University Press. _c1995, |
||
| 300 |
_aix,254p; _bill; _c24cm. |
||
| 504 | _aincludes index. | ||
| 650 |
_aMechanics. _9819 |
||
| 942 |
_2ddc _cSLOAN |
||
| 999 |
_c3788 _d3788 |
||